ARRUPE JESUIT UNIVERSITY

CORONAVIRUS -STOP THE SPREAD - CLEAN,DISINFECT,COVER

O Blessed Night (Record no. 7121)

MARC details
000 -LEADER
fixed length control field 00686nam a2200229Ia 4500
003 - CONTROL NUMBER IDENTIFIER
control field 0100
008 - FIXED-LENGTH DATA ELEMENTS--GENERAL INFORMATION
fixed length control field 130227s9999 xx 000 0 und d
040 ## - CATALOGING SOURCE
Transcribing agency ARRUPELIB
050 ## - LIBRARY OF CONGRESS CALL NUMBER
Classification number BT 732.7 N45 1991
100 ## - MAIN ENTRY--PERSONAL NAME
Personal name Nemeck, Kelly Francis.
245 ## - TITLE STATEMENT
Title O Blessed Night
245 ## - TITLE STATEMENT
Remainder of title Recovering from addictio, codepenency and attachment based on the insights of St.John of the cross and Pierre Teilhard de Chardin.
260 ## - PUBLICATION, DISTRIBUTION, ETC. (IMPRINT)
Place of publication, distribution, etc New York.
260 ## - PUBLICATION, DISTRIBUTION, ETC. (IMPRINT)
Name of publisher, distributor, etc Alba House.
260 ## - PUBLICATION, DISTRIBUTION, ETC. (IMPRINT)
-- 1991.
300 ## - PHYSICAL DESCRIPTION
Extent xx
300 ## - PHYSICAL DESCRIPTION
Other physical details 182p. 21cm.
650 ## - SUBJECT ADDED ENTRY--TOPICAL TERM
Topical term following geographic name as entry element Christian life--Africa--Catholic authors
650 ## - SUBJECT ADDED ENTRY--TOPICAL TERM
Location of event Catholic church--Africa
700 ## - ADDED ENTRY--PERSONAL NAME
Personal name Coombs, Marie Theresa.
942 ## - ADDED ENTRY ELEMENTS (KOHA)
Source of classification or shelving scheme Library of Congress Classification
Koha issues (borrowed), all copies 2
Holdings
Withdrawn status Lost status Source of classification or shelving scheme Damaged status Not for loan Collection code Home library Current library Shelving location Date acquired Total Checkouts Full call number Barcode Date last seen Date last borrowed Copy number Price effective from Koha item type
    Library of Congress Classification     Main Collection ARRUPE LIBRARY ARRUPE LIBRARY   27/02/2013 2 BT 732.7 N45 1991 46409659 01/12/2016 12/12/2014 1 27/02/2013 Monograph ( Printed materials)

 

Arrupe Library. PO Box MP320 Mt Pleasant, Harare, Zimbabwe
263 242 745411|librarian@aju.ac.zw